Do you know USA - Statistics

General Stats
  • This quiz has been taken 53 times
  • The average score is 14 of 16
Answer Stats
Hint Answer % Correct
How many states does USA have 50
100%
Location (Continent) North America
100%
Largest State Alaska
98%
Northern bordering country Canada
98%
Capital Washington DC
98%
Who bombed Hawaii during WW2 Japan
96%
American president (2022) Joe Biden
96%
Worlds most famous fast-food chain McDonald's
96%
National animal Bald Eagle
92%
Famous mountain with 4 presidents of the US Mount Rushmore
82%
The hottest place on earth, is located in California, what is it called Death Valley
80%
Famous towers, where 2 planes hit them Twin Towers
80%
Famous beverage (Soda) - That used to be medicine Coca Cola
76%
National airline American
70%
Longest River Missouri River
58%
Famous plaza in New York Times Square
42%
No matching quizzes found
Score Distribution
Percent of People with Each Score
Percentile by Number Answered
Your Score History
You have not taken this quiz